000 00642nam a2200217Ia 4500
003 IIN
005 20240102145848.0
008 231217s9999 xx 000 0 und d
020 _cRs.3050.00
_a9789393553287
040 _aIIN
_bEnglish
082 _a610.73677
_bSHA
100 1 _aBrunner
245 1 _aTextbook of Medical- Surgical Nursing
_cBrunner and Suddarth
250 _a2nd South Asia ed
_bSuresh K. Sharma and S. Madhavi
260 _bWolters Kluwer
_aNew Delhi
_c2022
300 _axxiv,1270-2102p./ Vol.2
650 1 _aMedical Surgical
_vNursing
700 1 _aSharma, Suresh K. Ed.
700 1 _aMadhavi, S. Ed.
942 _cBOOK
999 _c1543
_d1543